Delitos contra la indemnidad sexual
Guardat en:
| Autor principal: | |
|---|---|
| Format: | Llibre |
| Idioma: | espanyol |
| Publicat: |
Santiago, Chile.
DER Ediciones Limitada,
2018
|
| Edició: | Primera edición. |
| Col·lecció: | CJAJ. Cuadernos Jurídicos de la Academia Judicial
|
| Matèries: | |
| Etiquetes: |
Afegir etiqueta
Sense etiquetes, Sigues el primer a etiquetar aquest registre!
|
MARC
| LEADER | 00000cam a2200000 a 4500 | ||
|---|---|---|---|
| 001 | UCC6843 | ||
| 003 | CL-VaPUC | ||
| 005 | 20211123114102.0 | ||
| 008 | 190111e20180000cl |||||||||||||||||spa|d | ||
| 999 | |c 373693 |d 373691 | ||
| 020 | |a 9789569959295 | ||
| 040 | |c Pontificia Universidad Católica de Valparaíso | ||
| 082 | 0 | 4 | |a 364.153 WIN 2018 |2 21 |
| 100 | 0 | |a Winter Etcheberry, Jaime |e author |9 601367 | |
| 245 | 1 | 0 | |a Delitos contra la indemnidad sexual |
| 250 | |a Primera edición. | ||
| 260 | |a Santiago, Chile. |b DER Ediciones Limitada, |c 2018 | ||
| 300 | |a 85 páginas | ||
| 490 | 0 | |a CJAJ. Cuadernos Jurídicos de la Academia Judicial | |
| 500 | |a c.2 -Donación Sra. María Graciela Brantt Zumarán (Decana) - Memo Nº004 / DER 02/11/2021 | ||
| 583 | |a last modification |c 20190111 14:04:00 |k Rodrigo Vera | ||
| 650 | 0 | |a Delitos sexuales |9 256093 | |
| 650 | 0 | |a Indemnidad sexual |2 CL-VaPUC |9 450960 | |
| 650 | 0 | |a Violación |9 383399 | |
| 650 | 0 | |a Delito de rapto |2 CL-VaPUC |9 450958 | |
| 942 | |c BK |2 ddc | ||
| 945 | |d 20190111 14:04:00 |a dcastane | ||
| 952 | |0 0 |1 0 |3 erb |4 0 |6 364_153000000000000_WIN_2018 |7 0 |8 A |9 491903 |a BIBDER |b BIBDER |i 5528925 |o 364.153 WIN 2018 |p 5528925 |r 2023-01-25 |w 2019-11-24 |y BK |z Catalogado en:20190111 |k DER | ||
| 952 | |0 0 |1 0 |2 ddc |4 0 |6 364_153000000000000_WIN_2018 |7 0 |8 A |9 579375 |a BIBDER |b BIBDER |d 2021-11-23 |i 5627249 |o 364.153 WIN 2018 |p 5627249 |r 2023-01-25 |t 2 |w 2021-11-23 |y BK |k DER | ||